Central Library OPAC University of Rajshahi

Acylation reactions : (Record no. 11010)

MARC details
000 -LEADER
fixed length control field 01162nam a22003011 4500
001 - CONTROL NUMBER
control field 11010
003 - CONTROL NUMBER IDENTIFIER
rucl marc code BD-RjUL
005 - DATE AND TIME OF LATEST TRANSACTION
control field 20211208235044.0
008 - FIXED-LENGTH DATA ELEMENTS--GENERAL INFORMATION
fixed length control field 140126s1963 enk b 000 0 eng
035 ## - SYSTEM CONTROL NUMBER
System control number (BD-RjUL)11059
040 ## - CATALOGING SOURCE
Original cataloging agency DLC/ICU
Transcribing agency ICU
Modifying agency DLC
-- BD-RjUL
Language of cataloging eng
041 ## - LANGUAGE CODE
Language code of text/sound track or separate title eng
082 00 - DEWEY DECIMAL CLASSIFICATION NUMBER
Classification number 547.21
Author mark and year PRA 1963
100 1# - MAIN ENTRY--PERSONAL NAME
Personal name Praill, P. F. G.
9 (RLIN) 34016
245 10 - TITLE STATEMENT
Title Acylation reactions :
Remainder of title Their applications and mechanisms /
Statement of responsibility, etc. P. F. G. Praill.
260 ## - PUBLICATION, DISTRIBUTION, ETC. (IMPRINT)
Place of publication, distribution, etc. Oxford :
Name of publisher, distributor, etc. Pergamon Press,
Place of publication, distribution, etc. New York :
Name of publisher, distributor, etc. Macmillan,
Date of publication, distribution, etc. 1963.
300 ## - PHYSICAL DESCRIPTION
Pagination viii, 162 p. ;
Size 20 cm.
490 1# - SERIES STATEMENT
Series statement The Commonwealth and international library of science, technology, engineering, and liberal studies. Chemistry division,
Volume/sequential designation v. 3
500 ## - GENERAL NOTE
General note "117."
General note In the series note of some copies "Chemistry division, v. 3" is erroneously printed as "Mathematics division, v. 10."
504 ## - BIBLIOGRAPHY, ETC. NOTE
Bibliography, etc Includes bibliographies.
650 #0 - SUBJECT ADDED ENTRY--TOPICAL TERM
Topical term or geographic name as entry element Acylation.
9 (RLIN) 34017
830 #0 - SERIES ADDED ENTRY--UNIFORM TITLE
Volume number/sequential designation v. 3.
Uniform title Commonwealth and international library of science, technology, engineering, and liberal studies.
942 ## - ADDED ENTRY ELEMENTS (KOHA)
Source of classification or shelving scheme Dewey Decimal Classification
Koha item type Books
Holdings
Lost status Source of classification or shelving scheme Damaged status Not for loan Permanent Location Current Location Shelving location Date acquired Source of acquisition Cost, normal purchase price Total Checkouts Full call number Date last seen Copy number Koha item type Collection code
  Dewey Decimal Classification     Central Library, University of Rajshahi Central Library, University of Rajshahi   24/04/1967 Mirza Book. 11.25   547.21 PRA 1963 26/01/2014 C-2 Books  
  Dewey Decimal Classification   Not For Loan Central Library, University of Rajshahi Central Library, University of Rajshahi Reading Room 26/04/1967 MIRGA BOOK 11.25   547.21 PRA 1963 15/05/2017 C-1 Books Non-fiction